Biotechnology for solving agricultural problems (Record no. 39497)

MARC details
000 -LEADER
fixed length control field 00826nam a2200277Ia 4500
082 ## - DEWEY DECIMAL CLASSIFICATION NUMBER
Classification number 573.6:63
Item number AUG;1
245 #0 - TITLE STATEMENT
Title Biotechnology for solving agricultural problems
260 ## - PUBLICATION, DISTRIBUTION, ETC. (IMPRINT)
Place of publication Netherland
Name of publisher Martinus Nijhoff
Year of publication 1986
490 ## - SERIES STATEMENT
Series statement Beltsville symposia in agricultural research. 10
650 ## - SUBJECT ADDED ENTRY--TOPICAL TERM
Topical Term Drosophila embre
650 ## - SUBJECT ADDED ENTRY--TOPICAL TERM
Topical Term Flow cytometry
650 ## - SUBJECT ADDED ENTRY--TOPICAL TERM
Topical Term Gametoclonal variation
650 ## - SUBJECT ADDED ENTRY--TOPICAL TERM
Topical Term Gene mapping
650 ## - SUBJECT ADDED ENTRY--TOPICAL TERM
Topical Term Genetic engineering
650 ## - SUBJECT ADDED ENTRY--TOPICAL TERM
Topical Term Germline transformation
650 ## - SUBJECT ADDED ENTRY--TOPICAL TERM
Topical Term Insect pest control
650 ## - SUBJECT ADDED ENTRY--TOPICAL TERM
Topical Term Iron assimilation
650 ## - SUBJECT ADDED ENTRY--TOPICAL TERM
Topical Term Polygenic trait
650 ## - SUBJECT ADDED ENTRY--TOPICAL TERM
Topical Term Pronuclear transplantation
650 ## - SUBJECT ADDED ENTRY--TOPICAL TERM
Topical Term Recombinant DNA
650 ## - SUBJECT ADDED ENTRY--TOPICAL TERM
Topical Term Root culture
650 ## - SUBJECT ADDED ENTRY--TOPICAL TERM
Topical Term Somaclonal variation
700 ## - ADDED ENTRY--PERSONAL NAME
Personal name AUGUSTINE, Patricia
942 ## - ADDED ENTRY ELEMENTS (KOHA)
Koha item type Books
Holdings
Withdrawn status Lost status Damaged status Not for loan Home library Current library Date acquired Full call number Accession Number Koha item type
        RRII Library RRII Library 16/12/2021 573.6:63 AUG;1 19829 Books